Normal view MARC view
  • Chemical analysis,

Entry Uniform Title

Number of records used in: 7

001 - CONTROL NUMBER

  • control field: 154

003 - CONTROL NUMBER IDENTIFIER

  • control field: NUST

005 - DATE AND TIME OF LATEST TRANSACTION

  • control field: 20170509112702.0

008 - FIXED-LENGTH DATA ELEMENTS

  • fixed length control field: 170509|| aca||aabn | a|a d

040 ## - CATALOGING SOURCE

  • Original cataloging agency: NUST
  • Transcribing agency: NUST

130 ## - HEADING--UNIFORM TITLE

  • Uniform title: Chemical analysis,
  • Form subdivision: v. 39

670 ## - SOURCE DATA FOUND

  • Source citation: Work cat.: (NUST)0: Nargolwalla, Sam S., 1930- 153, Activation analysis with neutron generators, [1973]
© 2023 Central Library, National University of Sciences and Technology. All Rights Reserved.